01507cam a22003617a 4500003000500000005001700005008004100022010001000063011001000073035001000083040000900093090001000102100003800112245013600150260004100286300001900327502010900346590003700455590004100492590004100533590004100574590004200615650003900657650002900696901000700725905002300732942000900755949005500764949004200819999001700861952014000878952012701018CHAP20220329142412.0001127d2000 mx a r 00110 spa d a82966 a83938 a94457 cCHAP aTesis00aMaldonado Morales, Amalia.97011710aIdentificación de ácaros asociados al ciprés (Cupressus sempervirnes L.) en Chapingo, Méxicoc/por Amalia Maldonado Morales aChapingo, Méx. :bEl autor,c2000. a27 h. :bilus. aTesis (Ing. Agr. Esp. en Parasitología Agrícola) -- UACH. Departamento de Parasitología Agrícola aALEPHb10c20130110lUCH01h1439 aBATCH-UPDb10c20130110lUCH01h0752 aBATCH-UPDb10c20130410lUCH01h0432 aBATCH-UPDb10c20130914lUCH01h0941 aCONVERSIONb10c20130109lUCH01h134614aÁcarosxIdentificación.98238014aCiprésxPlagas.923351 aBK aLilia Sánchez G. cFOLL bBCcTESd33724000582680eTS2fc.2h37511i94457sb bBCcTESd944571eTS1h37510i94457sb c82966d82966 00102local4053708TESISaBCbBCcPA_TESISd2019-12-31fTESISl0oTesisp33724000582680r2019-12-31 00:00:00tc.2w2019-12-31yTESIS 00102local4051708TESISaBCbBCcPA_TESISd2019-12-31fTESISl0oTesisp944571r2019-12-31 00:00:00w2019-12-31yTESIS